000 00342nam a2200133Ia 4500
008 260604s9999 xx 000 0 und d
020 _a9780603570339
082 _a808.3 EDW
100 _aDean International Publishing
_935382
245 0 _aMy Naughty Little Sister and Bad Harry
260 _bSHREE
500 _aNaughty Little
942 _cBK
999 _c8185
_d8185